Länder im Wort Stewart auf der Weltkarte - Statistiken

Allgemein
  • Dieses Quiz wurde 900 mal gespielt
  • Das Durchschnittsergebnis liegt bei 58 aus 64
Antworten auf der Karte
Die Antworten werden auf der Karte rot bzw. grün angezeigt, abhängig davon wie oft sie richtig erraten wurden.
 
Antwortstatistiken
Country % Korrekt
Brasilien
97%
China
97%
Italien
97%
Japan
97%
Marokko
97%
Peru
97%
Russland
97%
Ägypten
96%
Chile
96%
Iran
96%
Kolumbien
96%
Türkei
96%
Algerien
95%
Bolivien
95%
Saudi-Arabien
95%
Afghanistan
94%
Indien
94%
Kasachstan
94%
Mongolei
94%
Pakistan
94%
Venezuela
94%
Ecuador
93%
Griechenland
93%
Israel
93%
Libyen
93%
Malta
93%
Niger
93%
Spanien
93%
Tunesien
93%
Zypern
93%
Irak
92%
Sudan
92%
Syrien
92%
Usbekistan
92%
Jordanien
91%
Nepal
91%
Tadschikistan
91%
Turkmenistan
91%
Elfenbeinküste
90%
Tschad
90%
Vereinigte Arabische Emirate
90%
Bangladesch
89%
Bhutan
89%
Ghana
89%
Katar
89%
Libanon
89%
Mali
89%
Mauretanien
89%
Kap Verde
88%
Senegal
88%
Kirgisistan
87%
Togo
87%
Guinea
86%
Guyana
85%
Burkina Faso
84%
Liberia
83%
Albanien
82%
Benin
82%
Nigeria
82%
Paraguay
82%
Sierra Leone
82%
Bahrain
76%
Kuwait
66%
Trinidad und Tobago
65%
Keine übereinstimmenden Quizze gefunden
Verteilung der Resultate
Anzahl Personen mit jedem Resultat
Perzentil nach korrekt beantworteten Fragen
Ihre Resultats-Entwicklung
Sie haben dieses Quiz noch nicht gespielt